Never Miss A Beat - Kaiser Chiefs (All Lyrics) - Statistics

General Stats
  • This quiz has been taken 7 times
  • The average score is 234 of 353
Answer Stats
Lyrics % Correct
a
100%
beat
100%
miss
100%
never
100%
I
75%
kids
75%
no
75%
on
75%
street
75%
the
75%
they
75%
do
50%
don't
50%
go
50%
is
50%
it
50%
it's
50%
know
50%
of
50%
take
50%
to
50%
what
50%
why
50%
you
50%
at
25%
cool
25%
crisps
25%
did
25%
didn't
25%
for
25%
learn
25%
learnt
25%
look
25%
nothing
25%
school
25%
tea
25%
that's
25%
today
25%
want
25%
words
25%
are
0%
away
0%
best
0%
big
0%
bit
0%
blink
0%
coat
0%
comes
0%
day
0%
flashing
0%
golden
0%
here
0%
join
0%
just
0%
kidding
0%
lights
0%
living
0%
now
0%
really
0%
referee
0%
rule
0%
run
0%
say
0%
team
0%
televisions
0%
there's
0%
with
0%
No matching quizzes found
Score Distribution
Percent of People with Each Score
Percentile by Number Answered
Your Score History
You have not taken this quiz